000 00816nam a2200265Ia 4500
005 20260121170625.0
008 008 260114s9999 xx 000 0 eng d
020 _a9783319951744
037 _aEBOOK
040 _aCRL
040 _beng
040 _cCRL
041 _2eng
041 _aeng
084 _qCRL
100 _aOsvaldo Gervasi, Beniamino Murgante, Sanjay Misra, Elena Stankova, Carmelo M. Torre, Ana Maria A.C. Rocha, David Taniar, Bernady O. Apduhan, Eufemia Tarantino, Yeonseung Ryu
_91066154
245 0 _aComputational Science and Its Applications – ICCSA 2018
260 _bSpringer
260 _bSpringer
260 _c2018
856 _uhttps://link.springer.com/openurl?genre=book&isbn=978-3-319-95174-4
942 _cEBOOK
999 _c1631884
_d1631884